Statistics for US Counties with population > 1 million

Click here to take the quiz!

General Stats

  • This quiz has been taken 18 times
  • The average score is 22 of 46

Answer Stats

PopulationStateSeatCounty% Correct
10,039,310CA-- ----Los Angeles
100%
5,150,225ILChicagoCook
88%
1,394,450FLOrlandoOrange
81%
3,338,530CA-- ---San Diego
81%
3,175,895CASanta AnaOrange
81%
1,628,810NY-- --New York
81%
2,717,440FL----Miami-Dade
75%
2,560,005NYBrooklynKings
75%
2,253,910NY---Queens
75%
2,253,285WASeattleKing
75%
2,180,385CA-- -----San Bernardino
69%
1,476,585NYRiverheadSuffolk
69%
1,418,330NY---Bronx
63%
1,552,560CA-----Sacramento
63%
2,636,020TX---Dallas
63%
4,714,025TXHoustonHarris
63%
1,257,885MIPontiacOakland
56%
4,486,215AZPhoenixMaricopa
56%
1,584,265PA-----Philadelphia
56%
1,749,300MIDetroitWayne
56%
2,267,315NVLas VegasClark
50%
2,471,050CA----Riverside
50%
1,357,005NYMineolaNassau
50%
1,160,940UT-- --Salt Lake
44%
1,953,075FLFt LauderdaleBroward
44%
1,671,730CAOaklandAlameda
38%
1,235,020OHClevelandCuyahoga
38%
1,112,760NCRaleighWake
38%
1,497,370FL-- ---Palm Beach
38%
1,928,155CASan JoseSanta Clara
38%
2,004,055TXSan AntonioBexar
38%
1,216,040PAPittsburghAllegheny
31%
1,266,245MNMinneapolisHennepin
31%
1,111,350NCCharlotteMecklenberg
31%
1,064,640GAAtlantaFulton
31%
2,103,015TXFt WorthTarrant
25%
1,317,260OHColumbusFranklin
25%
1,472,670FLTampaHillsborough
25%
1,612,050MALowellMiddlessex
25%
1,000,000CA---Fresno
25%
1,153,920CAMartinezContra Costa
19%
1,147,735VA---Fairfax
19%
1,275,055TXAustinTravis
19%
1,050,910MDRockvilleMontgomery
19%
1,047,480AZTucsonPima
13%
1,035,890TXMckinneyCollin
13%

Score Distribution

Percentile by Number Answered

Percent of People with Each Score

Your Score History

You have not taken this quiz